UM Logo

Single-source cascaded multilevel inverter with voltage-boost submodule and continuous input current for photovoltaic applications / (Record no. 18906)

MARC details
000 -LEADER
fixed length control field 01175nam a22002657a 4500
003 - CONTROL NUMBER IDENTIFIER
control field OSt
005 - DATE AND TIME OF LATEST TRANSACTION
control field 20251020200110.0
008 - FIXED-LENGTH DATA ELEMENTS--GENERAL INFORMATION
fixed length control field 240205b ||||| |||| 00| 0 eng d
040 ## - CATALOGING SOURCE
Transcribing agency 0
082 ## - DEWEY DECIMAL CLASSIFICATION NUMBER
Classification number DPer 621.317 Ie21 January 2022 v. 37 n. 1
100 ## - MAIN ENTRY--PERSONAL NAME
Personal name Chen, Manxin.
Relator term author.
9 (RLIN) 51351
245 ## - TITLE STATEMENT
Title Single-source cascaded multilevel inverter with voltage-boost submodule and continuous input current for photovoltaic applications /
Statement of responsibility, etc. Manxin Chen, Yongheng Yang, Xiong Liu, Poh Chiang Loh, and Frede Blaabjerg.
260 ## - PUBLICATION, DISTRIBUTION, ETC. (IMPRINT)
Place of publication, distribution, etc. New York ;
Name of publisher, distributor, etc. The Institute of Electrical and Electronics Engineers, Inc. ,
Date of publication, distribution, etc. January 2022.
300 ## - PHYSICAL DESCRIPTION
Extent Volume 37, pages 955-970 :
Other physical details illustration ;
Dimensions 28 cm.
500 ## - GENERAL NOTE
General note IEEE Transactions on Power Electronics, v. 37 n 1, pages 955-970, January 2022.
650 #0 - SUBJECT ADDED ENTRY--TOPICAL TERM
Topical term or geographic name as entry element Capacitors.
9 (RLIN) 65717
650 #0 - SUBJECT ADDED ENTRY--TOPICAL TERM
Topical term or geographic name as entry element Cascaded multilevel inverter (CMI).
9 (RLIN) 65905
650 #0 - SUBJECT ADDED ENTRY--TOPICAL TERM
Topical term or geographic name as entry element Pulse width modulation.
9 (RLIN) 65747
700 ## - ADDED ENTRY--PERSONAL NAME
Personal name Chen, Manxin.
Relator term author.
9 (RLIN) 51351
700 ## - ADDED ENTRY--PERSONAL NAME
Personal name Yang, Yongheng.
Relator term author.
9 (RLIN) 51352
700 ## - ADDED ENTRY--PERSONAL NAME
Personal name Liu, Xiong.
Relator term author.
9 (RLIN) 51353
700 ## - ADDED ENTRY--PERSONAL NAME
Personal name Loh, Poh Chiang.
Relator term author.
9 (RLIN) 51354
700 ## - ADDED ENTRY--PERSONAL NAME
Personal name Blaabjerg, Frede.
Relator term author.
9 (RLIN) 51355
942 ## - ADDED ENTRY ELEMENTS (KOHA)
Source of classification or shelving scheme Dewey Decimal Classification
Koha item type Periodicals
Holdings
Withdrawn status Lost status Source of classification or shelving scheme Damaged status Not for loan Collection code Home library Current library Date acquired Total Checkouts Full call number Date last seen Price effective from Koha item type Public note
    Dewey Decimal Classification     Periodicals UM Digos College - LIC UM Digos College - LIC 02/05/2024   DPer 621.317 Ie21 January 2022 v. 37 n. 1 02/05/2024 02/05/2024 Periodicals Periodical Article